St. Louis Blues 2025-2026 Roster - Statistics

General Stats
  • This quiz has been taken 59 times
    57 since last reset
  • The average score is 17 of 23
Answer Stats
Jersey # Pos Player % Correct
10 C Brayden Schenn
89%
50 G Jordan Binnington
89%
25 RW Jordan Kyrou
89%
18 C Robert Thomas
89%
21 RW Jimmy Snuggerud
86%
81 LW Dylan Holloway
84%
55 D Colton Parayko
81%
89 LW Pavel Buchnevich
81%
30 G Joel Hofer
78%
63 LW Jake Neighbours
76%
72 D Justin Faulk
76%
22 C Pius Suter
76%
26 LW Nathan Walker
73%
6 D Philip Broberg
73%
17 D Cam Fowler
70%
23 D Logan Mailloux
70%
13 RW Alexey Toropchenko
68%
70 C Oskar Sundqvist
68%
75 D Tyler Tucker
68%
71 RW Mathieu Joseph
57%
51 D Matthew Kessel
54%
77 C Nick Bjugstad
54%
9 LW Alexandre Texier
49%
No matching quizzes found
Score Distribution
Percent of People with Each Score
Percentile by Number Answered
Your Score History
You have not taken this quiz since the last reset